000 00430nam a2200133Ia 4500
008 230917s9999||||xx |||||||||||||| ||und||
040 _e205312
_aMAIN
041 _aEnglish
082 _a372.242 S83D
100 _aSatish Kumar
245 0 _aDiagnostic testing and remediation in reading and writing components in English with the help of self instructional materials at upper elementry level
300 _a250 p.
942 _cTH
999 _c125775
_d125775